Central America Update /
Wedi'i Gadw mewn:
| Awdur Corfforaethol: | |
|---|---|
| Fformat: | Llyfr |
| Iaith: | Spanish |
| Cyhoeddwyd: |
Ontario, Canadá:
LAWG; CLARC
|
| Pynciau: | |
| Tagiau: |
Ychwanegu Tag
Dim Tagiau, Byddwch y cyntaf i dagio'r cofnod hwn!
|
MARC
| LEADER | 00000nam a22000007a 4500 | ||
|---|---|---|---|
| 003 | cru CIDCACS/IIS | ||
| 005 | 20200507095536.0 | ||
| 008 | 200507b -cn|||p|r||||||0| ||spa|d | ||
| 999 | |c 43124 |d 43124 | ||
| 022 | |a 08237689 | ||
| 040 | |c cru CIDCACS/IIS | ||
| 090 | |a REV0162 | ||
| 110 | 2 | |9 9282 |a Latin American Working Group | |
| 245 | 1 | |a Central America Update / |c Latin American Working Group, The Jesuit Centre for Social Faith and Justice | |
| 260 | |a Ontario, Canadá: |b LAWG; |b CLARC | ||
| 270 | |a Box 22072 Station P. Toronto |d Canadá | ||
| 500 | |a EXISTENCIAS : 1980 2 (3/4, n.esp) 1981 2 (5-6), 3 (supl., 1-2) 1982 3 (3-6, n.esp.), 4 (1-3) ANTES DE 1994 SE LLAMABA CENTRAL AMERICA UPDATE 1983 4 (4-6), 5 (1-3) 1984 5 (4-7), 6 (1-3) 1985 6 (5-6), 7 (1, 3) 1986 7 (5-6), 8 (1-3) 1987 8 (4-6), 9 (2-3) 1988 9 (4-6) 10 (1-3) 1989 10 (4-6) 11 (1-3, supl. n.2) 1990 11 (4, 6) 12 (1-3) 1991 12 (4-6) 13 (1-2) 1992 13 (2-6) 1993 14 (3-6) 15 (1-2) | ||
| 650 | 4 | |9 3217 |a PROBLEMAS POLITICOS | |
| 650 | 4 | |9 1934 |a MILITARISMO | |
| 650 | 0 | |9 370 |a POLITICA EXTERIOR | |
| 942 | |2 ddc |c PP | ||
